| 000 | 00543nam a2200205Ia 4500 | ||
|---|---|---|---|
| 008 | 140626s9999 xx 000 0 und d | ||
| 100 | _aLewis, Norman.. | ||
| 245 | 4 |
_aThe personality of plagiarism / _c Norman ... [et al.].Lewis |
|
| 260 | _cc2011. | ||
| 300 | _a66 : 4, page 325 | ||
| 440 | _aJournalism and Mass Communication Educator | ||
| 521 | _aMC | ||
| 650 | _a Plagiarism. | ||
| 650 | _aCommunication. | ||
| 650 | _aEducation. | ||
| 650 | _aEthics. | ||
| 650 | _aPersonality types. | ||
| 650 | _aStudents. | ||
| 942 | _cSE | ||
| 999 |
_c121225 _d121225 |
||